|
|
|
|
| LEADER |
00000cam a2200000 i 4500 |
| 001 |
1/70403 |
| 008 |
990225s1997 gre d |
| 020 |
|
|
|a 960-7643-27-5
|
| 035 |
|
|
|l 10048090
|
| 040 |
|
|
|a GR-MY-UA
|b
|e aacr
|
| 041 |
0 |
|
|a gre
|
| 082 |
0 |
|
|a 302.23
|
| 100 |
1 |
|
|a Μεταλληνός, Νίκος,
|d 1960-
|
| 245 |
1 |
0 |
|a Οπτικο-ακουστική επικοινωνία :
|b έρευνες στην παραγωγή, κριτική και αισθητική της τηλεόρασης /
|c Νίκος Μεταλληνός
|
| 260 |
|
|
|a Αθήνα :
|b Τυπωθήτω,
|c 1997
|
| 300 |
|
|
|a 277 σ.;
|b πίν.;
|c 22 εκ.
|
| 500 |
|
|
|a Προλογικό σημείωμα Μιχάλης Μειμάρης
|
| 650 |
0 |
0 |
|a Mass media.
|
| 650 |
0 |
0 |
|a Visual communication.
|
| 650 |
0 |
0 |
|a Television
|x Psychological aspects.
|
| 852 |
|
|
|a INST
|b LESVOS
|e 19990225
|h 302.23 ΜΕΤ
|p 005100019072
|q 005100019072
|t BK
|y 0
|
| 852 |
|
|
|a INST
|b LESVOS
|e 20021025
|h 302.23 ΜΕΤ
|p 005100024949
|q 005100024949
|t BK
|y 0
|
| 852 |
|
|
|a INST
|b LESVOS
|e 20100527
|h 302.23 ΜΕΤ
|p 005100047424
|q 005100047424
|t BK
|y 0
|
| 852 |
|
|
|a INST
|b LESVOS
|e 20100527
|h 302.23 ΜΕΤ
|p 005100047425
|q 005100047425
|t BK
|y 0
|
| 852 |
|
|
|a INST
|b LESVOS
|e 20120320
|h 302.23 ΜΕΤ
|p 005100050602
|q 005100050602
|t BK
|y 0
|
| 852 |
|
|
|a INST
|b LESVOS
|e 20120313
|h 302.23 ΜΕΤ
|p 005100050671
|q 005100050671
|t BK
|y 0
|
| 901 |
|
|
|a BIBL1-1999-3
|
| 901 |
|
|
|a BIBL1-2012-1
|
| 909 |
|
|
|a Λ
|b 061187
|
| 909 |
|
|
|a Λ
|b 102614
|
| 909 |
|
|
|a Λ
|b 164362
|
| 909 |
|
|
|a Λ
|b 164363
|
| 909 |
|
|
|a Λ
|b 173539
|
| 909 |
|
|
|a Λ
|b 173581
|
| 920 |
|
|
|a ΕΥΔΟΞΟΣ
|y ΛΕΣΒΟΣ
|z 2012-03
|
| 922 |
|
|
|a 1ΕΛΗ
|b 199811
|c ΚΠΣ/ΤΚ
|d EMVASIS
|
| 950 |
|
|
|a 103-1998-02-16
|
| 970 |
|
|
|z 2000/06/ΟΙΚΟΝΟΜΟΠΟΥΛΟΥ ΧΡΙΣΤΙΝΑ
|
| 970 |
|
|
|a ΤΖΑΦΕΡΗ
|b ΕΥΑΓΓΕΛΙΑ
|z 1999/10/06
|